000 00392nam a2200145Ia 4500
008 100122s9999 xx 000 0 und d
082 _b20566
_a823
100 _aदिघे प्र तु
245 _aरूपाली
260 _bप्रिया प्रकाशन
_c1974
300 _a148
630 _aरूपाली
730 _aरूपाली
942 _cBOOK
999 _c409094
_d409091